Offshore back office operations : supplying support services to global markets.
| Format: | Book |
|---|---|
| Published: |
Geneva:
International Trade Center UNCTAD/ WTO,
2000.
|
| Subjects: |
| LEADER | 00533cam a2200145 7i4500 | ||
|---|---|---|---|
| 001 | 0000009467 | ||
| 005 | 20020404090000.0 | ||
| 020 | 0 | 0 | |a 9291371416 |
| 090 | 0 | 0 | |a B 338.8871 |b OFF |
| 245 | 0 | 0 | |a Offshore back office operations : |b supplying support services to global markets. |
| 260 | 0 | 0 | |a Geneva: |b International Trade Center UNCTAD/ WTO, |c 2000. |
| 300 | # | # | |a 126 p. |
| 650 | 0 | 0 | |a Back office operations -- |x Services |
| 999 | |a 0000020184 |b Book |c Book |e Business Information Centre | ||
| 999 | |a 0000012062 |b Book |c International |e Business Information Centre | ||


